000 00599nam a22002177a 4500
003 UA-OsUOA
001 88595
007 ta
008 20121009b un ||||| |||| 00| 0 ukr d
100 _aКопанєва Є.
090 _a02
_bК65
942 _cSA
040 _aUA-OsUOA
_bukr
_cUA-OsUOA
_dUA-OsUOA
245 _aНаціональні індекси наукового цитуваня
300 _aС.29-35
955 _a0
041 _aukr
080 _a02
773 0 _w88592
_tБібліотечний вісник
_dК.
_d2012
_g4
650 7 _a02 Бібліотечна справа
_2UDC
999 _c374679
_d374679